01159 a2200181 4500003000500000005001700005040000900022082001500031100002500046245006100071260002900132300001000161505063300171650001800804942001200822999001900834952012400853Nust20230123132941.0 cNust a822.23,COR aCorson,Hiram9107451 aIntroduction to the study of Shakespeare /cHiram Corson aChicagobD.C. Heath & co a396:p aIntroduction (Page-3), The Shakespeare-Bacon controversy (Page-25), The Authenticity of The First Folio (Page-32), The Chronology of the Plays (Page-48), Shakespeare’s Verse (Page-51), Distinctive Use of Verse and Prose in Shakespeare’s Plays (Page-83), Dramatic (Page-99), Romeo and Juliet (Page-112), The Commentary on Romeo and Juliet (Page-145), King John (Page-158), Much Ado About Nothing (Page-176), Hamlet (Page-194), The Witch Agency in Macbeth (Page-223), Lady Macbeth’s Relations to Macbeth (Page-244), Antony and Cleopatra (Page-244), Jottings on the Text of Hamlet (Page-316), Miscellaneous Notes (Page-358). aDrama9107452 2ddccBK c186695d186695 00102ddc4070aMCSbMCScGENd2016-12-12o822.23,CORpMCS29639r2016-12-08w2016-12-12yBKzAlmirah No.57, Shelf No.4